00627nam a2200193Ia 450000500170000000800460001703700120006304000200007504100130009508400220010810000280013024500600015825000080021826000450022630000140027194200220028599900210030795201050032820250508162102.0008 250505s9999 xx 000 0 eng d aTextual aFEDLbengcFEDL aeng2eng a371.73, MATqFEDL aMathews Donald K950396 0aPhysiological basis of physical education and athletics a2nd aPhiladelphiabW B Saunders Companyc1976 axvi,577p. cTEXLh371.73, MAT c1374296d1374296 00104070aFEDLbFEDLd2025-05-08l0o371.73, MATpEL0064313r2025-05-08 16:21:02w2025-05-08yTEXL